000
00250nam a22001217a 4500
003
SGT
082
_a
658,PAR
100
_a
PARKINSON NORTHCOTE
245
_a
TOWARDS MANAGEMENT IN 2001
260
_b
ISBH PUB.
_c
1993
300
_a
210
942
_2
ddc
_c
BK
999
_c
34337
_d
34337